| 000 | 01298nam a2200433 i 4500 | ||
|---|---|---|---|
| 001 | 2361 | ||
| 003 | KOSZ 005 | ||
| 005 | 20200429150944.0 | ||
| 008 | 990506s1984 pl f |000 0 pol | ||
| 015 | _aPB 1984/2631 | ||
| 020 | _a8321331726 | ||
| 035 | _a(OCoLC)830238188 | ||
| 040 |
_aWA N _cWA N _dKOSZ 005/HR |
||
| 041 | 0 | _apol | |
| 080 | _a628.8 | ||
| 080 | _a697 | ||
| 080 | _a621.56/.59 | ||
| 080 | _a621.1.01:536.7 | ||
| 080 | _a662.6/.9 | ||
| 100 | 1 |
_aKołodziejczyk, Leon _eAutor |
|
| 245 | 1 | 0 |
_aGospodarka cieplna w ogrzewnictwie / _cLeon Kołodziejczyk. |
| 250 | _aWyd. 3. | ||
| 260 |
_aWarszawa : _b"Arkady", _c1984. |
||
| 300 |
_a335, [1] s., [2] k. tabl. ; _c24 cm. |
||
| 336 |
_2rdacontent _aTekst _btxt |
||
| 337 |
_2rdamedia _aBez urządzenia pośredniczącego _bn |
||
| 338 |
_2rdacarrier _aWolumin _bnc |
||
| 380 | _aKsiążki | ||
| 380 | _aPublikacje fachowe | ||
| 388 | _a1901-2000 | ||
| 388 | _a1945-1989 | ||
| 650 | 4 | _aCiepło | |
| 650 | 4 | _aTermodynamika techniczna | |
| 650 | 4 | _aOgrzewanie centralne | |
| 658 | _aInżynieria i technika | ||
| 710 | 2 |
_aWydawnictwo Arkady _4pbl. |
|
| 856 |
_uhttp://koha.tu.koszalin.pl/cgi-bin/koha/opac-detail.pl?biblionumber=2361 _yKatalog online BPK |
||
| 942 |
_2UKD _cKS |
||
| 999 |
_c2361 _d2361 |
||